Theory of cataloguing / (Record no. 1695)

MARC details
000 -LEADER
fixed length control field 00719cam a2200253 i 4500
001 - CONTROL NUMBER
control field 4123078
003 - CONTROL NUMBER IDENTIFIER
control field OSt
005 - DATE AND TIME OF LATEST TRANSACTION
control field 20230620121000.0
008 - FIXED-LENGTH DATA ELEMENTS--GENERAL INFORMATION
fixed length control field 760421s1975 ii b 001 0 eng
010 ## - LIBRARY OF CONGRESS CONTROL NUMBER
LC control number 75903653
020 ## - INTERNATIONAL STANDARD BOOK NUMBER
Terms of availability Rs25.00
040 ## - CATALOGING SOURCE
Original cataloging agency DLC
Transcribing agency DLC
Modifying agency DLC
050 00 - LIBRARY OF CONGRESS CALL NUMBER
Classification number Z693
Item number .G57 1975
082 00 - DEWEY DECIMAL CLASSIFICATION NUMBER
Classification number 025.32
Item number KUM
100 0# - MAIN ENTRY--PERSONAL NAME
Personal name Girja Kumar,
Dates associated with a name 1982-
245 10 - TITLE STATEMENT
Title Theory of cataloguing /
Statement of responsibility, etc. Girja Kumar, Krishan Kumar.
260 ## - PUBLICATION, DISTRIBUTION, ETC. (IMPRINT)
Place of publication, distribution, etc. Delhi :
Name of publisher, distributor, etc. Vikas Pub. House,
Date of publication, distribution, etc. [1982
300 ## - PHYSICAL DESCRIPTION
Extent ix, 235 p. ;
Dimensions 22 cm.
504 ## - BIBLIOGRAPHY, ETC. NOTE
Bibliography, etc Includes bibliographies and index.
650 #0 - SUBJECT ADDED ENTRY--TOPICAL TERM
Topical term or geographic name as entry element Cataloging.
700 0# - ADDED ENTRY--PERSONAL NAME
Personal name Krishan Kumar,
Dates associated with a name 1933-
Relator term joint author.
906 ## - LOCAL DATA ELEMENT F, LDF (RLIN)
a 7
b cbc
c orignew
d 4
e ncip
f 19
g y-gencatlg
942 ## - ADDED ENTRY ELEMENTS (KOHA)
Source of classification or shelving scheme Dewey Decimal Classification
Koha item type Books
Holdings
Withdrawn status Lost status Source of classification or shelving scheme Damaged status Not for loan Collection code Home library Current library Shelving location Date acquired Total Checkouts Full call number Barcode Date last seen Price effective from Koha item type
    Dewey Decimal Classification     Reference Bunge Tower Library Bunge Tower Library Reference 06/20/2023   025.32 KUM 10015780 06/20/2023 06/20/2023 Books
LIBRARY OPENING HOURS

When the Parliament is sitting: 8.00a.m - 7.00p.m or until the house adjourns
Mondays and Fridays and when the House is on Recess:  8.00a.m - 5.00p.m
Closed on Weekends and Public Holidays

Online Public Access Catalog (OPAC)
Website: http://www.parliament.go.ke
Bunge Library: https://libraryir.parliament.go.ke
Contact: library@parliament.go.ke | Tel no: (254-2)2221291 or 2848000 Ext 5043